Random Filipino to English Words #5 - Statistics

General Stats
  • This quiz has been taken 28 times
    25 since last reset
  • The average score is 13 of 15
Answer Stats
Filipino English % Correct
Sagot Answer
100%
Asul Blue
100%
Bago New
100%
Telepono Telephone
100%
Miyerkules Wednesday
100%
Buhay Life
95%
Bundok Mountain
95%
Daga Rat
95%
Lobo Balloon
89%
Niyog Coconut
89%
Singsing Ring
89%
Espasyo Space
84%
Itaas Up
84%
Himpapawid Air
68%
Sumabog Erupt
26%
No matching quizzes found
Score Distribution
Percent of People with Each Score
Percentile by Number Answered
Your Score History
You have not taken this quiz since the last reset